Spelling the seven days of the week in spanish - Statistics

General Stats
  • This quiz has been taken 522 times
    506 since last reset
  • The average score is 7 of 7
Answer Stats
Hint Answer % Correct
Monday Lunes
97%
Sunday Domingo
96%
Tuesday Martes
96%
Saturday Sabado
95%
Wednesday Miercoles
90%
Thursday Jueves
89%
Friday Viernes
88%
No matching quizzes found
Score Distribution
Percent of People with Each Score
Percentile by Number Answered
Your Score History
You have not taken this quiz since the last reset